| 000 | 00392nam a2200169Ia 4500 | ||
|---|---|---|---|
| 008 | 210210b1946 xxu||||| |||| 00| 0 eng d | ||
| 041 | _aeng | ||
| 082 | _a825/657 | ||
| 100 | _aPOTTLE (F A) | ||
| 245 | _aIdiom of poetry | ||
| 260 |
_aNew York _bCornell university press _c1946 |
||
| 650 | _apoetry | ||
| 650 | _aof | ||
| 650 | _aIdiom | ||
| 690 | _aEnglish Criticism | ||
| 906 | _a014973 | ||
| 999 |
_c134203 _d134203 |
||